| 000 | nam a22 7a 4500 | ||
|---|---|---|---|
| 999 |
_c331600 _d331600 |
||
| 003 | NUST | ||
| 005 | 20180124181622.0 | ||
| 008 | 171005b xxu||||| |||| 00| 0 eng d | ||
| 040 | _c0 | ||
| 082 | _a628 JAD | ||
| 100 |
_aJadoon,Haider Shah _95269 |
||
| 245 |
_aChemical Investigation of the Selected Atmospheric Hydrospheric Environments of NWFP _cHaider Shah Jadoon |
||
| 260 |
_aPeshawar _buniversity of Peshawar _c1996 |
||
| 300 | _a217p. | ||
| 500 | _aH.B | ||
| 942 |
_2ddc _cTHE _kIESE |
||